Zdaňovanie zisku právnických osôb nezriadených za účelom podnikania
Príspevok sa zaoberá zdaňovaním zisku len niektorých právnických subjektov nezriadených za účelom podnikania - a to v občianskych združeniach a neziskových organizáciách poskytujúcich všeobecne prospešné služby. Zdaňovanie zisku podľa zákona č. 286/1992 Zb. o daniach z príjmov. Zdaňovanie zisku podľ...
Enregistré dans:
| Auteur principal: | |
|---|---|
| Format: | Chapitre de livre |
| Langue: | slovaque |
| Sujets: | |
| Tags: |
Pas de tags, Soyez le premier à ajouter un tag!
|
MARC
| LEADER | 00000naa$a2200000$$$4500 | ||
|---|---|---|---|
| 001 | 0003212 | ||
| 005 | 20231002075554.3 | ||
| 041 | 0 | |a slo | |
| 044 | |a SK | ||
| 245 | 1 | 0 | |a Zdaňovanie zisku právnických osôb nezriadených za účelom podnikania |c aut. Eva Neupauerová |
| 520 | |a Príspevok sa zaoberá zdaňovaním zisku len niektorých právnických subjektov nezriadených za účelom podnikania - a to v občianskych združeniach a neziskových organizáciách poskytujúcich všeobecne prospešné služby. Zdaňovanie zisku podľa zákona č. 286/1992 Zb. o daniach z príjmov. Zdaňovanie zisku podľa zákona č. 366/1999 Z.z. o daniach z príjmov v znení neskorších predpisov. Pripravované zmeny v zdaňovaní príjmu od 1. januára 2004 a ich dôsledky. | ||
| 610 | 2 | 0 | |a osoby právnické |
| 610 | 2 | 0 | |a združenia občianske |
| 610 | 2 | 0 | |a organizácie neziskové |
| 610 | 2 | 0 | |a zdaňovanie |
| 610 | 2 | 0 | |a dane z príjmov |
| 610 | 2 | 0 | |a zákony |
| 610 | 2 | 0 | |a zisk |
| 100 | 1 | |a Neupauerová, Eva | |